000 01325nam a22003017a 4500
005 20240530110506.0
008 151012s2008 ua abe f 000 0 ara d
017 _a2008/19920
_bمصر . دار الكتب المصرية
020 _a9773143511
040 _aEG-CaGPL
082 0 4 _221
_a726.2/
_bع آ
100 0 _aعبدالله كامل موسى .
245 1 2 _aالاثار الاسلامية فى الجزيرة العربية و المشرق و المغرب خلال العصرين النبوى و الراشدى /
_cعبدالله كامل موسى .
250 _aط1.
260 _aالقاهرة :
_bمكتبة زهراء الشرق ،
_c2008 .
300 _a243 ص :
_bايض ؛
_c24 سم .
504 _aيشتمل على ارجاعات ببليوجرافية
650 0 4 _aالعمارة الاسلامية .
650 0 4 _aالعمارة الاسلامية
_xتاريخ
_yعصر الخلفاء الراشدين .
650 0 4 _aالمنابر
_xعمارة .
650 0 4 _aالمأذن
_xعمارة .
650 0 4 _aالعمارة الاسلامية
_xتاريخ
_yعصر النبى .
650 0 4 _aالمسجد الحرام
_xعمارة .
650 0 4 _aالمسجد الحرام .
650 0 4 _aالمساجد
_xعمارة .
942 _2ddc
_cBK
999 _c61576
_d61576